| 000 | 01147nam a22002537a 4500 | ||
|---|---|---|---|
| 005 | 20090606153756.0 | ||
| 008 | 090606t xxu||||| |||| 00| 0 eng d | ||
| 010 | _aENG-93936 | ||
| 020 |
_a9788175344397 _c1695.00 |
||
| 035 | _aEN-77469 | ||
| 037 | _bDBAD / PUB | ||
| 040 |
_adpl _bEnglish |
||
| 082 | _a340.03 | ||
| 245 |
_aWharton's law lexicon: _bwith exhaustive reference to Indian case law; along with legal phrases and legal maxims _cthoroughly revised, updated and enlarged by A.R. Lakshmanan |
||
| 250 | _a15th ed. | ||
| 260 |
_aDelhi _bUniversal Law Publishing _c2009 |
||
| 270 |
_aC-FF-1A, Dilkhush Industrial Estate, (Opp. Hans Cinema, Azadpur) G.T. Karnonl Road, _bDelhi _e110033 |
||
| 300 |
_avii, 1930p. _c25cm(Hb) _eCD-ROM |
||
| 500 | _aIncludes glossary of unique words used by V.R. Krishna Iyer | ||
| 650 |
_aLaw _zGreat Britan _xDictionaries |
||
| 650 |
_aLaw _zIndia _xDictionaries |
||
| 942 |
_2ddc _cEN _mWHA _h340.03 |
||
| 999 |
_c27304 _d27304 |
||